| Поле | Название | Значение |
| |
Тип записи |
a |
| |
Библиографический уровень |
m |
| 001 |
Контрольный номер |
5a7c0d6629884b31801746d6c99b6c53 |
| 005 |
Дата корректировки |
20140630142348.8 |
| 010 |
Индекс ISBN |
__ |
| a |
ISBN |
5-85187-093-1 |
| 200 |
Заглавие и сведения об ответственности |
1_ |
| a |
Заглавие |
Международные экономические организации |
| e |
Сведения, относящиеся к заглавию |
Регулирование мирохозяйственных связей и предпринимательской деятельности:Учеб. пособие |
| f |
Первые сведения об ответственности |
Герчикова Ирина Никоновна |
| 210 |
Выходные данные |
1_ |
| a |
Место издания |
М. |
| c |
Издательство |
Консалтбанкир |
| d |
Дата издания |
2002 |
| 215 |
Физическое описание |
__ |
| a |
Объем |
621 с. |
| 610 |
Ключевые слова |
0_ |
| a |
Ключевые слова |
экономические отношения |
| 610 |
Ключевые слова |
0_ |
| a |
Ключевые слова |
международные валютно- финансовые организации |
| 610 |
Ключевые слова |
0_ |
| a |
Ключевые слова |
ЮНИДО |
| 610 |
Ключевые слова |
0_ |
| a |
Ключевые слова |
МАГАТЭ |
| 610 |
Ключевые слова |
0_ |
| a |
Ключевые слова |
всемирная торговая организация(ВТО) |
| 610 |
Ключевые слова |
0_ |
| a |
Ключевые слова |
международные экономические организации |
| 610 |
Ключевые слова |
0_ |
| a |
Ключевые слова |
ОПЕК |
| 610 |
Ключевые слова |
0_ |
| a |
Ключевые слова |
НАФТА |
| 610 |
Ключевые слова |
0_ |
| a |
Ключевые слова |
ТНК |
| 610 |
Ключевые слова |
0_ |
| a |
Ключевые слова |
СНГ |
| 610 |
Ключевые слова |
0_ |
| a |
Ключевые слова |
МБЭС |
| 610 |
Ключевые слова |
0_ |
| a |
Ключевые слова |
НАФТА |
| 610 |
Ключевые слова |
0_ |
| a |
Ключевые слова |
АСЕАН |
| 610 |
Ключевые слова |
0_ |
| a |
Ключевые слова |
европейский валютный союз(ЕВС) |
| 610 |
Ключевые слова |
0_ |
| a |
Ключевые слова |
европейский союз(ЕС) |
| 610 |
Ключевые слова |
0_ |
| a |
Ключевые слова |
МБРР |
| 610 |
Ключевые слова |
0_ |
| a |
Ключевые слова |
организация экономического сотрудничества и развития(ОЭСР) |
| 610 |
Ключевые слова |
0_ |
| a |
Ключевые слова |
ООН |
| 610 |
Ключевые слова |
0_ |
| a |
Ключевые слова |
регулирование предпринимательской деятельности |
| 610 |
Ключевые слова |
0_ |
| a |
Ключевые слова |
МБРР |
| 686 |
Индексы других классификаций |
__ |
| a |
Классификационный индекс |
65.584.3я73 |
| 2 |
Код системы |
rubbk |
| 700 |
Автор |
_1 |
| a |
Фамилия |
Герчикова Ирина Никоновна |
| 801 |
Источник записи |
_0 |
| a |
Страна |
RU |
| b |
Организация |
РУК |
| c |
Дата составления |
20030508 |
| g |
Правила каталогизации |
PSBO |
| 801 |
Источник записи |
_1 |
| a |
Страна |
RU |
| b |
Организация |
РУК |
| c |
Дата составления |
20030508 |
| g |
Правила каталогизации |
PSBO |
| 852 |
Данные о местонахождении |
__ |
| i |
Авторский знак |
Г41 |
| j |
Шифр хранения |
ББК 65.5 |
| 901 |
Тип документа |
__ |
| t |
Тип документа |
m |
| 938 |
Служебная информация |
__ |
| a |
Название организации |
Головной вуз |
| b |
Имя БД |
BOOK |
| c |
Название АИБС |
АИБС ИРБИС |